The Gospel-mystery of sanctification. (Record no. 20664)
[ view plain ]
| 000 -LEADER | |
|---|---|
| fixed length control field | 00584nam a2200157 4500 |
| 008 - FIXED-LENGTH DATA ELEMENTS--GENERAL INFORMATION | |
| fixed length control field | 040721s1981 ebk 000 0 eng |
| 020 ## - INTERNATIONAL STANDARD BOOK NUMBER | |
| International Standard Book Number | 085234158X :L6.95 |
| 090 ## - LOCALLY ASSIGNED LC-TYPE CALL NUMBER (OCLC); LOCAL CALL NUMBER (OCLC) | |
| Classification number (OCLC) (R) ; Classification number, CALL (RLIN) (NR) | BT765 |
| Local cutter number (OCLC) ; Book number/undivided call number, CALL (RLIN) | M35g |
| 100 1# - MAIN ENTRY--PERSONAL NAME | |
| Personal name | Marshall, Walter, |
| Dates associated with a name | 1628-1680. |
| 245 14 - TITLE STATEMENT | |
| Title | The Gospel-mystery of sanctification. |
| 260 ## - PUBLICATION, DISTRIBUTION, ETC. (IMPRINT) | |
| Place of publication, distribution, etc | Welwyn : |
| Name of publisher, distributor, etc | Evangelical Press, |
| Date of publication, distribution, etc | 1981. |
| 300 ## - PHYSICAL DESCRIPTION | |
| Extent | 257 p. |
| 500 ## - GENERAL NOTE | |
| General note | Includes Marshall's sermon, The doctrine of justification opened and applied. |
| 650 #4 - SUBJECT ADDED ENTRY--TOPICAL TERM | |
| Topical term or geographic name as entry element | Sanctification |
| General subdivision | Christianity |
| Form subdivision | Early works to 1800. |
| 951 ## - EQUIVALENCE OR CROSS-REFERENCE-GEOGRAPHIC NAME/AREA NAME [OBSOLETE] [CAN/MARC only] | |
| General subdivision | 00006659 |
| 951 ## - EQUIVALENCE OR CROSS-REFERENCE-GEOGRAPHIC NAME/AREA NAME [OBSOLETE] [CAN/MARC only] | |
| -- | 15683 |
| -- | BT765/M35g |
| -- | 070613111406718 |
| -- | 2000-12-21 |
| -- | GC |
| Withdrawn status | Lost status | Damaged status | Not for loan | Home library | Current library | Shelving location | Date acquired | Accession number | Shelving control number | Total Checkouts | Full call number | Barcode | Date last seen | Price effective from | Koha item type |
|---|---|---|---|---|---|---|---|---|---|---|---|---|---|---|---|
| BSOP Library | BSOP Library | GC | 12/21/2000 | 15683 | 127 | BT765/M35g | 00006659 | 02/23/2013 | 02/23/2013 | Books |
